[Event "MVP-ch Seniors op 19th"]
[Site "Ostseebad Binz"]
[Date "2019.12.01"]
[Round "5"]
[White "Mietz, Wolfgang"]
[Black "Peleikis, Horst"]
[Result "0-1"]
[WhiteElo "1802"]
[BlackElo "1997"]
[PlyCount "46"]
[EventDate "2019.11.27"]
[EventType "swiss"]
[EventRounds "9"]
[EventCountry "GER"]
[SourceTitle "EXT 2021"]
[Source "ChessBase"]
[SourceDate "2020.10.23"]
[SourceVersion "1"]
[SourceVersionDate "2020.10.23"]
[SourceQuality "1"]

1. d4 Nf6 2. Bf4 g6 3. Nf3 d6 4. h3 Bg7 5. e3 0-0 6. c3 c5 7. Nbd2 cxd4 8. exd4 Nbd7 9. Bd3 e5 10. Bg3 Re8 11. dxe5 Nxe5 12. Nxe5 Nh5 13. Qf3 Bxe5 14. 0-0-0 Qc7 15. Bc4 Be6 16. Bxe6 Rxe6 17. Rhf1 Re7 18. Ne4 f5 19. Nd2 Qc6 20. Rfe1 Rae8 21. Nf1 Kg7 22. Re2 Qxf3 23. gxf3 Bf4+ 0-1

[Event "MVP-ch Seniors op 19th"]
[Site "Ostseebad Binz"]
[Date "2019.11.30"]
[Round "4"]
[White "Peleikis, Horst"]
[Black "Chmielewski, Axel"]
[Result "1/2-1/2"]
[WhiteElo "1997"]
[BlackElo "1771"]
[PlyCount "96"]
[EventDate "2019.11.27"]
[EventType "swiss"]
[EventRounds "9"]
[EventCountry "GER"]
[SourceTitle "EXT 2021"]
[Source "ChessBase"]
[SourceDate "2020.10.23"]
[SourceVersion "1"]
[SourceVersionDate "2020.10.23"]
[SourceQuality "1"]

1. e4 e6 2. d4 d5 3. exd5 exd5 4. c4 c6 5. Nc3 Nf6 6. Bd3 dxc4 7. Bxc4 Be7 8. Nf3 0-0 9. 0-0 Nbd7 10. Bb3 Nb6 11. Ne5 Bf5 12. Qf3 Qc8 13. h3 a5 14. a4 Be6 15. Bc2 Nbd5 16. Bg5 Qc7 17. Rac1 Qd6 18. Rfe1 Rae8 19. Bd3 Bc8 20. Nxd5 Nxd5 21. Ng4 Bxg4 22. Qxg4 Bxg5 23. Qxg5 Qf4 24. Qxf4 Nxf4 25. Bc4 Rd8 26. Rcd1 Rfe8 27. Rxe8+ Rxe8 28. Kf1 Kf8 29. h4 Rd8 30. g3 Nd5 31. Ke2 Ke7 32. Rd3 Nb6 33. Bb3 Rd7 34. Re3+ Kd8 35. Kd3 c5 36. Re4 h6 37. Kc3 f5 38. Rf4 Nd5+ 39. Bxd5 Rxd5 40. dxc5 Rxc5+ 41. Kd3 g6 42. Rc4 Rd5+ 43. Kc3 Kd7 44. b3 Kd6 45. f4 b5 46. Rd4 b4+ 47. Kc4 Rxd4+ 48. Kxd4 h5 1/2-1/2

[Event "MVP-ch Seniors op 18th"]
[Site "Ostseebad Binz"]
[Date "2018.12.06"]
[Round "9"]
[White "Kluger, Hans Peter"]
[Black "Peleikis, Horst"]
[Result "0-1"]
[WhiteElo "1863"]
[BlackElo "1957"]
[PlyCount "74"]
[EventDate "2018.11.28"]
[EventType "swiss"]
[EventRounds "9"]
[EventCountry "GER"]
[SourceTitle "CBM 188 Extra"]
[Source "ChessBase"]
[SourceDate "2019.02.26"]
[SourceVersion "1"]
[SourceVersionDate "2019.02.26"]
[SourceQuality "1"]

1. e4 c5 2. Nf3 d6 3. d4 cxd4 4. Nxd4 Nf6 5. Nc3 a6 6. Bd3 g6 7. Nde2 Bg7 8. 0-0 0-0 9. h3 Nbd7 10. Ng3 b5 11. a3 Bb7 12. f4 Qb6+ 13. Kh2 h5 14. Qe1 Qc7 15. Bd2 Nc5 16. Rb1 h4 17. Nh1 Qc6 18. Nf2 Nh5 19. Nd5 Rae8 20. Rg1 e6 21. Nc3 Qc7 22. Be2 Ng3 23. Bf3 f5 24. b4 Ncxe4 25. Nfxe4 fxe4 26. Nxe4 Nf5 27. c3 e5 28. Qd1 exf4 29. Qb3+ Kh8 30. Rbe1 Be5 31. Ng5 Bc8 32. Rgf1 Qe7 33. Bxf4 Bxf4+ 34. Kg1 Qxg5 35. Rxe8 Rxe8 36. Qf7 Be3+ 37. Kh2 Qf4+ 0-1

[Event "MVP-ch Seniors op 17th"]
[Site "Binz"]
[Date "2017.12.02"]
[Round "4.11"]
[White "Peleikis, Horst"]
[Black "Liebscher, Helmar"]
[Result "0-1"]
[WhiteElo "1986"]
[BlackElo "2089"]
[PlyCount "50"]
[EventDate "2017.11.29"]
[EventType "swiss"]
[EventRounds "9"]
[EventCountry "GER"]
[SourceTitle "EXT 2019"]
[Source "ChessBase"]
[SourceDate "2018.10.10"]
[SourceVersion "1"]
[SourceVersionDate "2018.10.10"]
[SourceQuality "1"]

1. e4 e5 2. Nf3 Nc6 3. Bb5 a6 4. Ba4 d6 5. c3 g5 6. d4 g4 7. Ng1 Bd7 8. Ne2 Bg7 9. d5 Nce7 10. Bxd7+ Qxd7 11. c4 Ng6 12. g3 N8e7 13. Nbc3 0-0 14. 0-0 f5 15. exf5 Qxf5 16. Be3 Qh5 17. Kh1 Rf5 18. Ng1 Raf8 19. h3 Rf3 20. Ne4 Nf4 21. Bxf4 exf4 22. Nxf3 Qxh3+ 23. Nh2 f3 24. Rg1 Rf5 25. Qf1 Qxh2+ 0-1

[Event "MVP-ch Seniors op 16th"]
[Site "Binz"]
[Date "2016.11.28"]
[Round "6.15"]
[White "Peleikis, Horst"]
[Black "Goertz, Hans Georg"]
[Result "1/2-1/2"]
[WhiteElo "2050"]
[BlackElo "1981"]
[PlyCount "102"]
[EventDate "2016.11.23"]
[EventType "swiss"]
[EventRounds "9"]
[EventCountry "GER"]
[SourceTitle "EXT 2018"]
[Source "ChessBase"]
[SourceDate "2017.10.13"]
[SourceVersion "1"]
[SourceVersionDate "2017.10.13"]
[SourceQuality "1"]

1. e4 c5 2. Nf3 d6 3. d4 cxd4 4. Nxd4 Nc6 5. Nc3 Bd7 6. Be2 a6 7. Be3 e5 8. Nb3 Nf6 9. g4 Be6 10. g5 Nd7 11. Qd2 Nb6 12. 0-0-0 Qc7 13. Nd5 Bxd5 14. exd5 Ne7 15. Bxb6 Qxb6 16. Qa5 Qxa5 17. Nxa5 Rb8 18. Rd3 h6 19. Rb3 b5 20. a4 Rc8 21. axb5 axb5 22. Bxb5+ Kd8 23. Bc6 hxg5 24. Rb6 g4 25. b4 f5 26. b5 f4 27. Nb7+ Kc7 28. Ra6 g3 29. b6+ Kb8 30. Na5 Nxc6 31. dxc6 Rxc6 32. Nxc6+ Kb7 33. Nb4 g2 34. Rg1 Rxh2 35. Ra1 d5 36. Nd3 Bd6 37. Kd2 e4 38. Nb2 Bc5 39. Ra7+ Kxb6 40. Rxg7 f3 41. Na4+ Kb5 42. Nxc5 Kxc5 43. Ke3 Rh1 44. R7xg2 fxg2 45. Rxg2 Rc1 46. Kd2 Ra1 47. Rg8 Kd4 48. Rc8 Ra2 49. Rc3 Ke5 50. Rc8 Rb2 51. Kc1 Rb7 1/2-1/2

[Event "Hessen-ch Seniors op 12th"]
[Site "Bad Sooden-Allendorf"]
[Date "2016.05.08"]
[Round "8"]
[White "Peleikis, Horst"]
[Black "Hunold, Rolf"]
[Result "1-0"]
[WhiteElo "2033"]
[BlackElo "2104"]
[PlyCount "103"]
[EventDate "2016.04.30"]
[EventType "swiss"]
[EventRounds "9"]
[EventCountry "GER"]
[SourceTitle "EXT 2019"]
[Source "ChessBase"]
[SourceDate "2018.10.10"]
[SourceVersion "1"]
[SourceVersionDate "2018.10.10"]
[SourceQuality "1"]

1. e4 c5 2. Nf3 e6 3. d4 cxd4 4. Nxd4 a6 5. Bd3 Qc7 6. 0-0 Nf6 7. Nc3 Be7 8. Be3 d6 9. f4 b5 10. Qf3 Bb7 11. Nce2 Nbd7 12. a4 b4 13. Bf2 Nc5 14. Ng3 h5 15. Rfe1 Ng4 16. Nxh5 Nxf2 17. Kxf2 g6 18. Ng3 Rxh2 19. Rh1 Rxh1 20. Rxh1 0-0-0 21. b3 Bf6 22. Qe3 Rh8 23. Rxh8+ Bxh8 24. Nf3 Bg7 25. Nd2 Bh6 26. Ne2 e5 27. Qh3+ Kb8 28. Qxh6 Nxd3+ 29. cxd3 Qc2 30. fxe5 dxe5 31. Qf8+ Ka7 32. Qxb4 Qxd3 33. Qc3 Bxe4 34. Nxe4 Qxe4 35. Qe3+ Qxe3+ 36. Kxe3 f5 37. Nc3 Kb6 38. b4 Kc6 39. Kf3 Kd6 40. g4 Kc6 41. g5 Kd6 42. Ke3 Kc6 43. Kd3 Kd6 44. Kc4 Kc6 45. Nd5 Kd6 46. Ne3 f4 47. Ng4 Ke6 48. Nf2 Kd6 49. b5 axb5+ 50. axb5 Ke6 51. Ne4 Kf5 52. Kd5 1-0

[Event "Hessen-ch Seniors op 12th"]
[Site "Bad Sooden-Allendorf"]
[Date "2016.04.30"]
[Round "1"]
[White "Peleikis, Horst"]
[Black "Engelhardt, Erhard"]
[Result "1/2-1/2"]
[WhiteElo "2033"]
[BlackElo "1736"]
[PlyCount "202"]
[EventDate "2016.04.30"]
[EventType "swiss"]
[EventRounds "9"]
[EventCountry "GER"]
[SourceTitle "EXT 2019"]
[Source "ChessBase"]
[SourceDate "2018.10.10"]
[SourceVersion "1"]
[SourceVersionDate "2018.10.10"]
[SourceQuality "1"]

1. e4 d5 2. exd5 Qxd5 3. Nc3 Qd6 4. d4 Nf6 5. Nf3 c6 6. Be2 Bf5 7. a3 e6 8. Be3 Nbd7 9. Qd2 Qc7 10. h3 Be7 11. Bd3 Bxd3 12. Qxd3 Bd6 13. Rd1 0-0 14. 0-0 Rfe8 15. Rfe1 Nd5 16. Nxd5 exd5 17. c4 dxc4 18. Qxc4 Nb6 19. Qd3 Nd5 20. Ng5 g6 21. Ne4 Kg7 22. Nxd6 Qxd6 23. Bc1 Re6 24. Rxe6 Qxe6 25. Qd2 Re8 26. Qh6+ Kg8 27. Bd2 Qf6 28. Bg5 Qg7 29. Qxg7+ Kxg7 30. Kf1 f6 31. Bc1 Kf7 32. Rd3 Re7 33. g4 Ke6 34. f3 Rf7 35. Kf2 f5 36. Rd1 fxg4 37. hxg4 Kf6 38. Rh1 Ke6 39. Kg3 Kd6 40. Bg5 Nb6 41. b3 Kd5 42. Rd1 Nc8 43. Bf4 Re7 44. Kf2 Rf7 45. Ke3 Re7+ 46. Be5 Nd6 47. Kd3 Rf7 48. Ke3 Re7 49. Rc1 a6 50. Rc5+ Ke6 51. Kf2 Nf7 52. Bg3 Rd7 53. Ke3 Rd5 54. Rc3 Rd7 55. a4 Kf6 56. f4 Nd6 57. Bh4+ Kg7 58. Rc5 Ne8 59. Re5 Kf7 60. f5 Nf6 61. fxg6+ hxg6 62. Bxf6 Kxf6 63. g5+ Kf7 64. Ke4 Rc7 65. Kd3 Rd7 66. Kc4 b6 67. b4 Re7 68. b5 axb5+ 69. axb5 cxb5+ 70. Rxb5 Re6 71. Kd5 Ke7 72. Rb1 Rd6+ 73. Kc4 Kd7 74. d5 Kc7 75. Kd4 Rd8 76. Rc1+ Kd7 77. Rc6 Rb8 78. Rxg6 b5 79. Re6 b4 80. g6 b3 81. Re1 b2 82. Rb1 Rg8 83. Rxb2 Rxg6 84. Rb7+ Kc8 85. Rh7 Rg1 86. Kc5 Rc1+ 87. Kd6 Rg1 88. Rh8+ Kb7 89. Re8 Rd1 90. Re5 Kc8 91. Re7 Rd2 92. Rc7+ Kb8 93. Rc5 Rf2 94. Kc6 Kc8 95. d6 Kd8 96. Rc4 Rd2 97. Rc5 Rd3 98. Rc4 Rd2 99. Kc5 Kd7 100. Rh4 Rc2+ 101. Kd5 Rd2+ 1/2-1/2

[Event "MVP-ch Seniors op 15th"]
[Site "Binz"]
[Date "2015.12.02"]
[Round "9.16"]
[White "Mueller Clostermann, Bruno"]
[Black "Peleikis, Horst"]
[Result "1-0"]
[WhiteElo "2014"]
[BlackElo "1855"]
[PlyCount "113"]
[EventDate "2015.11.24"]
[EventType "swiss"]
[EventRounds "9"]
[EventCountry "GER"]
[SourceTitle "EXT 2017"]
[Source "ChessBase"]
[SourceDate "2016.10.25"]
[SourceVersion "1"]
[SourceVersionDate "2016.10.25"]
[SourceQuality "1"]

1. d4 Nf6 2. g3 d5 3. Nf3 e6 4. Bg2 Be7 5. c4 0-0 6. 0-0 c6 7. Qc2 Nbd7 8. Nbd2 Re8 9. b3 b6 10. Bb2 Bb7 11. Rad1 Rb8 12. e4 Nxe4 13. Nxe4 dxe4 14. Qxe4 Qc7 15. Qc2 Rbd8 16. Rfe1 Bf6 17. b4 c5 18. dxc5 bxc5 19. b5 Bxb2 20. Qxb2 f6 21. Qc3 Bxf3 22. Bxf3 Ne5 23. Be2 Rxd1 24. Rxd1 Rd8 25. Rxd8+ Qxd8 26. f4 Nf7 27. a4 Kf8 28. Qe3 Qc8 29. Bf3 Ke7 30. Bc6 Kd6 31. Qd3+ Ke7 32. Qe3 Kd6 33. Kf2 Qc7 34. Qd2+ Ke7 35. Qd3 g6 36. Kf3 Nd8 37. Qe3 Qd6 38. Be4 f5 39. Bc2 Nb7 40. Qc3 Kd7 41. a5 Qd4 42. Qxd4+ cxd4 43. a6 Nc5 44. b6 Nxa6 45. bxa7 Nc7 46. Ke2 Kd6 47. Kd3 Kc5 48. Ba4 h6 49. h4 g5 50. Bd7 gxf4 51. gxf4 Kd6 52. Bc8 e5 53. fxe5+ Kxe5 54. Bb7 Kf4 55. a8Q Nxa8 56. Bxa8 Kg3 57. c5 1-0

[Event "MVP-ch Seniors op 15th"]
[Site "Binz"]
[Date "2015.11.26"]
[Round "3.39"]
[White "Mewes, Hans Dieter"]
[Black "Peleikis, Horst"]
[Result "0-1"]
[WhiteElo "1646"]
[BlackElo "1855"]
[PlyCount "62"]
[EventDate "2015.11.24"]
[EventType "swiss"]
[EventRounds "9"]
[EventCountry "GER"]
[SourceTitle "EXT 2017"]
[Source "ChessBase"]
[SourceDate "2016.10.25"]
[SourceVersion "1"]
[SourceVersionDate "2016.10.25"]
[SourceQuality "1"]

1. c4 g6 2. g3 Bg7 3. Bg2 c5 4. Nc3 Nc6 5. d3 Nf6 6. a3 0-0 7. e3 d6 8. Nge2 Bd7 9. 0-0 Rb8 10. h3 a6 11. Rb1 b5 12. cxb5 axb5 13. b4 cxb4 14. axb4 Qc8 15. Kh2 Re8 16. f4 e5 17. e4 Be6 18. Be3 Bg4 19. Qd2 Be6 20. d4 Nxd4 21. Nxd4 exd4 22. Bxd4 Qc4 23. Ne2 Qc8 24. Ra1 Bc4 25. e5 Nd7 26. Rfe1 dxe5 27. Ba7 exf4 28. Ra5 fxg3+ 29. Kg1 Rb7 30. Nxg3 Rxe1+ 31. Qxe1 Rxa7 0-1

[Event "MVP-ch Seniors op 15th"]
[Site "Binz"]
[Date "2015.11.25"]
[Round "2.3"]
[White "Peleikis, Horst"]
[Black "Grottke, Hans Joachim"]
[Result "0-1"]
[WhiteElo "1855"]
[BlackElo "2107"]
[PlyCount "70"]
[EventDate "2015.11.24"]
[EventType "swiss"]
[EventRounds "9"]
[EventCountry "GER"]
[SourceTitle "EXT 2017"]
[Source "ChessBase"]
[SourceDate "2016.10.25"]
[SourceVersion "1"]
[SourceVersionDate "2016.10.25"]
[SourceQuality "1"]

1. e4 e6 2. d3 d5 3. Nd2 Nf6 4. Ngf3 Nc6 5. g3 Bc5 6. Bg2 0-0 7. 0-0 dxe4 8. dxe4 e5 9. h3 a5 10. Qe2 b6 11. Nb3 Ba6 12. c4 Bd6 13. Rd1 Qe7 14. Nbd2 Bc5 15. b3 Rad8 16. Bb2 Rd7 17. Nf1 Rfd8 18. Rxd7 Nxd7 19. Rd1 f6 20. Ne3 Bxe3 21. Qxe3 Nc5 22. Rxd8+ Qxd8 23. Ba3 Ne6 24. Bf1 Ncd4 25. Nxd4 Nxd4 26. Bd3 c5 27. Bb2 Bc8 28. Kh2 Qd7 29. g4 Ne6 30. Be2 Nf4 31. Bf3 h5 32. Bc3 Nxh3 33. gxh5 Nf4 34. Kg1 Qh3 35. Bh1 Qxe3 0-1

[Event "GER-chA Seniors 27th"]
[Site "Magdeburg"]
[Date "2015.08.21"]
[Round "7"]
[White "Peleikis, Horst"]
[Black "Reinke, Kurt"]
[Result "1-0"]
[WhiteElo "2063"]
[BlackElo "1906"]
[PlyCount "66"]
[EventDate "2015.08.15"]
[EventType "swiss"]
[EventRounds "9"]
[EventCountry "GER"]
[SourceTitle "EXT 2018"]
[Source "ChessBase"]
[SourceDate "2017.10.13"]
[SourceVersion "1"]
[SourceVersionDate "2017.10.13"]
[SourceQuality "1"]

1. e4 d6 2. d4 e5 3. Nf3 Bg4 4. dxe5 Nd7 5. exd6 Bxd6 6. Be2 Ngf6 7. Nd4 Bxe2 8. Qxe2 g6 9. f3 Be5 10. c3 c5 11. Nc2 Qc7 12. g3 Nh5 13. Rg1 0-0-0 14. Nba3 Nb6 15. Bd2 Nxg3 16. hxg3 Bxg3+ 17. Kf1 a6 18. Rd1 f5 19. Bg5 Rxd1+ 20. Qxd1 f4 21. Bf6 Re8 22. Rg2 h5 23. Rd2 h4 24. Kg2 h3+ 25. Kh1 Rf8 26. Bg5 h2 27. b3 Rh8 28. Rd6 c4 29. Qd4 Re8 30. Qxb6 cxb3 31. axb3 Bf2 32. Qxc7+ Kxc7 33. Bxf4 Bg1 1-0

[Event "GER-chA Seniors 27th"]
[Site "Magdeburg"]
[Date "2015.08.18"]
[Round "4"]
[White "Sailer, Hans Peter"]
[Black "Peleikis, Horst"]
[Result "1-0"]
[WhiteElo "1933"]
[BlackElo "2063"]
[PlyCount "59"]
[EventDate "2015.08.15"]
[EventType "swiss"]
[EventRounds "9"]
[EventCountry "GER"]
[SourceTitle "EXT 2018"]
[Source "ChessBase"]
[SourceDate "2017.10.13"]
[SourceVersion "1"]
[SourceVersionDate "2017.10.13"]
[SourceQuality "1"]

1. e4 c5 2. Nf3 e6 3. d4 cxd4 4. Nxd4 a6 5. Nc3 Qc7 6. Bd3 Nf6 7. 0-0 Be7 8. Be3 d6 9. f4 Nbd7 10. Qf3 Nc5 11. Rae1 Nxd3 12. cxd3 0-0 13. g4 Nd7 14. g5 Rb8 15. Qh5 Rd8 16. f5 Ne5 17. Re2 g6 18. Qh3 Bf8 19. Rf4 d5 20. Rh4 f6 21. gxf6 dxe4 22. fxg6 Nxg6 23. Rg2 e5 24. Rxg6+ Bg7 25. Ne6 hxg6 26. fxg7 Kf7 27. Nxe4 Bxe6 28. Ng5+ Ke8 29. Qxe6+ Qe7 30. Rh8# 1-0

[Event "GER-chA Seniors 27th"]
[Site "Magdeburg"]
[Date "2015.08.15"]
[Round "1"]
[White "Peleikis, Horst"]
[Black "Klimpel, Siegfried"]
[Result "1/2-1/2"]
[WhiteElo "2063"]
[BlackElo "1801"]
[PlyCount "65"]
[EventDate "2015.08.15"]
[EventType "swiss"]
[EventRounds "9"]
[EventCountry "GER"]
[SourceTitle "EXT 2018"]
[Source "ChessBase"]
[SourceDate "2017.10.13"]
[SourceVersion "1"]
[SourceVersionDate "2017.10.13"]
[SourceQuality "1"]

1. e4 c5 2. Nf3 Nc6 3. d4 cxd4 4. Nxd4 e5 5. Nb5 d6 6. N1c3 a6 7. Na3 b5 8. Nd5 Nf6 9. Bg5 Qa5+ 10. Bd2 Qd8 11. Nxf6+ Qxf6 12. c4 Nd4 13. Nc2 Bg4 14. Qc1 Nxc2+ 15. Qxc2 Rc8 16. h3 Be6 17. Be2 Be7 18. b3 0-0 19. 0-0 Qg6 20. Kh1 d5 21. Bf3 dxc4 22. Qb1 c3 23. Be3 b4 24. Qc2 Bc5 25. Bxc5 Rxc5 26. Rad1 Rd5 27. Rxd5 Bxd5 28. Rd1 Bc6 29. Qd3 Bb5 30. Qd5 Qg5 31. Qc5 a5 32. Rd5 Qf4 33. Qc7 1/2-1/2

[Event "Hessen-ch Seniors op 11th"]
[Site "Bad Sooden-Allendorf"]
[Date "2015.05.16"]
[Round "8"]
[White "Emami, Madjid"]
[Black "Peleikis, Horst"]
[Result "1/2-1/2"]
[WhiteElo "2045"]
[BlackElo "2058"]
[PlyCount "74"]
[EventDate "2015.05.09"]
[EventType "swiss"]
[EventRounds "9"]
[EventCountry "GER"]
[SourceTitle "EXT 2018"]
[Source "ChessBase"]
[SourceDate "2017.10.13"]
[SourceVersion "1"]
[SourceVersionDate "2017.10.13"]
[SourceQuality "1"]

1. Nf3 d5 2. c4 c6 3. b3 Nf6 4. Bb2 Nbd7 5. Qc2 e6 6. g3 g6 7. Bg2 Bg7 8. 0-0 0-0 9. d4 Re8 10. Nc3 b6 11. e4 Nxe4 12. Nxe4 dxe4 13. Qxe4 Bb7 14. Rad1 Rb8 15. Qf4 Qe7 16. Ne5 Nxe5 17. dxe5 c5 18. Bxb7 Rxb7 19. Rd6 Rd7 20. Rfd1 Red8 21. h4 Rxd6 22. Rxd6 Rxd6 23. exd6 Qd7 24. Bxg7 Kxg7 25. g4 h6 26. g5 hxg5 27. hxg5 Kg8 28. Qe5 Qc6 29. Qf4 Kg7 30. f3 Kg8 31. Kf2 Kf8 32. Qe5 Kg8 33. Kg3 Qd7 34. a3 a5 35. Qf4 Qd8 36. Qd2 Qd7 37. f4 Kg7 1/2-1/2

[Event "Hessen-ch Seniors op 11th"]
[Site "Bad Sooden-Allendorf"]
[Date "2015.05.15"]
[Round "7"]
[White "Peleikis, Horst"]
[Black "Zunker, Reinhard"]
[Result "0-1"]
[WhiteElo "2058"]
[BlackElo "2135"]
[PlyCount "110"]
[EventDate "2015.05.09"]
[EventType "swiss"]
[EventRounds "9"]
[EventCountry "GER"]
[SourceTitle "EXT 2018"]
[Source "ChessBase"]
[SourceDate "2017.10.13"]
[SourceVersion "1"]
[SourceVersionDate "2017.10.13"]
[SourceQuality "1"]

1. c4 Nf6 2. Nc3 g6 3. g3 d5 4. cxd5 Nxd5 5. Bg2 Nb6 6. Nf3 Nc6 7. d3 Bg7 8. Be3 0-0 9. 0-0 e5 10. Qd2 Re8 11. Bh6 Be6 12. Bxg7 Kxg7 13. Rfd1 f6 14. b3 Qe7 15. Rac1 Rad8 16. Qb2 a6 17. Rd2 Bf7 18. e3 Nb4 19. d4 e4 20. Ne1 f5 21. Bf1 Kg8 22. a3 N4d5 23. Ne2 c6 24. Ng2 g5 25. Nc3 Rd6 26. Nxd5 Nxd5 27. Be2 Rh6 28. Rf1 Rh3 29. f4 g4 30. Bc4 Rh6 31. Re1 Rd6 32. Qc1 Qd7 33. Rb2 b5 34. Bf1 Ra8 35. Qc5 Ne7 36. Rc1 Rd5 37. Qc3 Qd6 38. Qa5 Qd8 39. Qc3 Rc8 40. b4 Rd6 41. Be2 Be6 42. Rbc2 Nd5 43. Qe1 Nb6 44. Rc5 Qd7 45. Qd2 Qf7 46. Qc2 Bd5 47. Qd2 Na4 48. Bxb5 Nxc5 49. bxc5 Rdd8 50. Bxa6 Ra8 51. Qe2 Qa7 52. Bc4 Qxa3 53. Bxd5+ Rxd5 54. Qc4 Qb2 55. Nh4 Ra2 0-1

[Event "GER-chA Seniors 26th"]
[Site "Bad Neuenahr"]
[Date "2014.08.09"]
[Round "5"]
[White "Peleikis, Horst"]
[Black "Fritsch, Juergen"]
[Result "1/2-1/2"]
[WhiteElo "2087"]
[BlackElo "1930"]
[PlyCount "45"]
[EventDate "2014.08.05"]
[EventType "swiss"]
[EventRounds "9"]
[EventCountry "GER"]
[SourceTitle "EXT 2018"]
[Source "ChessBase"]
[SourceDate "2017.10.13"]
[SourceVersion "1"]
[SourceVersionDate "2017.10.13"]
[SourceQuality "1"]

1. e4 e5 2. Nf3 Nc6 3. Bb5 Nge7 4. c3 g6 5. d4 exd4 6. cxd4 Bg7 7. d5 Ne5 8. Nxe5 Bxe5 9. f4 Bd6 10. Be3 c6 11. Bc4 Qa5+ 12. Nc3 cxd5 13. Bxd5 Nxd5 14. Qxd5 Bb4 15. Qxa5 Bxa5 16. Bd4 Bxc3+ 17. Bxc3 0-0 18. e5 b6 19. Rd1 Re8 20. Kf2 Re6 21. Rd2 Kf8 22. Rhd1 Ke8 23. g4 1/2-1/2

[Event "GER-chA Seniors 26th"]
[Site "Bad Neuenahr"]
[Date "2014.08.08"]
[Round "4"]
[White "Mertens, Gottfried"]
[Black "Peleikis, Horst"]
[Result "1/2-1/2"]
[WhiteElo "1874"]
[BlackElo "2087"]
[PlyCount "30"]
[EventDate "2014.08.05"]
[EventType "swiss"]
[EventRounds "9"]
[EventCountry "GER"]
[SourceTitle "EXT 2018"]
[Source "ChessBase"]
[SourceDate "2017.10.13"]
[SourceVersion "1"]
[SourceVersionDate "2017.10.13"]
[SourceQuality "1"]

1. b4 e5 2. Bb2 d6 3. c4 Be6 4. e3 Nf6 5. Nf3 Be7 6. Be2 0-0 7. Nc3 Nbd7 8. 0-0 c6 9. Qc2 h6 10. d4 Rc8 11. dxe5 dxe5 12. a3 Nh7 13. Rad1 Qc7 14. e4 Ng5 15. Nxe5 Nxe5 1/2-1/2

[Event "GER-chA Seniors 26th"]
[Site "Bad Neuenahr"]
[Date "2014.08.06"]
[Round "2"]
[White "Grottke, Hans Joachim"]
[Black "Peleikis, Horst"]
[Result "1-0"]
[WhiteElo "2223"]
[BlackElo "2087"]
[PlyCount "67"]
[EventDate "2014.08.05"]
[EventType "swiss"]
[EventRounds "9"]
[EventCountry "GER"]
[SourceTitle "EXT 2018"]
[Source "ChessBase"]
[SourceDate "2017.10.13"]
[SourceVersion "1"]
[SourceVersionDate "2017.10.13"]
[SourceQuality "1"]

1. e4 c5 2. Nf3 d6 3. Bb5+ Bd7 4. Bxd7+ Qxd7 5. c4 Nc6 6. Nc3 g6 7. d4 cxd4 8. Nxd4 Bg7 9. Be3 Nf6 10. f3 Qd8 11. Qd2 0-0 12. 0-0 Nd7 13. Nde2 a6 14. Rfc1 Rc8 15. Rab1 Nce5 16. b3 Re8 17. Rd1 Nc5 18. b4 Ne6 19. Nd5 Rc6 20. Nd4 Nxd4 21. Bxd4 Nd7 22. Be3 a5 23. Nc3 Nc5 24. Nb5 Ne6 25. Qf2 Qa8 26. Rd5 Rb8 27. Ba7 Rf8 28. Rbd1 Bf6 29. Kh1 Rfc8 30. Be3 Rb8 31. Na7 Ra6 32. Bb6 Nc5 33. Bxc5 dxc5 34. Nb5 1-0